| 000 | 01343cam a2200349 i 4500 | ||
|---|---|---|---|
| 999 |
_c200448483 _d66695 |
||
| 001 | 200448483 | ||
| 003 | TR-AnTOB | ||
| 005 | 20220513092642.0 | ||
| 007 | ta | ||
| 008 | 980713s1994 tu 000 0 tur d | ||
| 020 | _a9751909546 | ||
| 035 | _a(TR-AnTOB)200448483 | ||
| 040 |
_aBGZ _beng _erda _cBGZ _dTR-AnTOB |
||
| 041 | 0 | _atur | |
| 050 | 4 |
_aHD9576.T92 _bD48 1994 |
|
| 090 |
_aTOBBK HD9576.T92 _bD48 1994 |
||
| 110 | 2 |
_aDevlet Planlama Teşkilatı (Türkiye) _bPetrol Ürünleri Özel İhtisas Komisyonu _9136518 |
|
| 245 | 1 | 0 | _aPetrol Ürünleri Özel İhtisas Komisyonu raporu. |
| 246 | 3 | 4 | _aVII. Beş Yıllık Kalkınma Planı Özel İhtisas Komisyonu raporu : Petrol ürünleri |
| 246 | 3 | 0 | _aYedinci Beş Yıllık Kalkınma Planı Özel İhtisas Komisyonu raporu : Petrol ürünleri |
| 264 | 1 |
_aAnkara : _bT.C. Başbakanlık Devlet Planlama Teşkilatı, _c1994. |
|
| 300 |
_a97 pages : _btables ; _c24 cm |
||
| 336 |
_atext _btxt _2rdacontent |
||
| 337 |
_aunmediated _bn _2rdamedia |
||
| 338 |
_avolume _bnc _2rdacarrier |
||
| 490 | 0 |
_aT.C. Başbakanlık Devlet Planlama Teşkilatı Müsteşarlığı ; _vyayın no. DPT; 2363-ÖİK; 430 |
|
| 504 | _aBIB | ||
| 650 | 7 |
_aPetrol endüstrisi ve ticareti _zTürkiye _2etuturkob _992606 |
|
| 942 |
_2z _cBK |
||